[Event "FRA-chT4 1314"]
[Site "Champagne Ardenne"]
[Date "2013.10.13"]
[Round "1.6"]
[White "Robert, Guillaume"]
[Black "Beaudiot, Alain"]
[Result "1/2-1/2"]
[WhiteElo "1610"]
[BlackElo "1573"]
[PlyCount "76"]
[EventDate "2013.10.25"]
[EventType "team-tourn"]
[EventRounds "7"]
[EventCountry "FRA"]
[SourceTitle "EXT 2024"]
[Source "ChessBase"]
[SourceDate "2023.10.10"]
[SourceVersion "1"]
[SourceVersionDate "2023.10.10"]
[SourceQuality "1"]

1. d4 Nf6 2. Nf3 e6 3. Bf4 b6 4. Nbd2 Bb7 5. e3 d5 6. Be2 Nbd7 7. h3 Be7 8. 0-0 0-0 9. Re1 c5 10. b3 a6 11. c4 Ne8 12. Qc2 h6 13. Bd3 Rc8 14. Rac1 cxd4 15. exd4 dxc4 16. bxc4 Bd6 17. Be3 Nef6 18. Ne4 Nxe4 19. Bxe4 Bxe4 20. Qxe4 Rc7 21. Re2 Nf6 22. Qd3 a5 23. a4 Qd7 24. Rb2 Bb4 25. Ra2 Rfc8 26. Bf4 Rb7 27. Ne5 Qd8 28. Re2 Bd6 29. Qf3 Rbc7 30. Qd3 Nd7 31. Nxd7 Qxd7 32. Bxd6 Qxd6 33. Qc3 Qc6 34. Qb3 Qd6 35. Rd2 Rc6 36. Qb5 Qc7 37. Rdc2 Qd6 38. Qb2 Qc7 1/2-1/2

[Event "FRA-chT4"]
[Site "France"]
[Date "2013.02.10"]
[Round "6"]
[White "Robert, Guillaume"]
[Black "Flamant, Jacky"]
[Result "0-1"]
[WhiteElo "1630"]
[BlackElo "1782"]
[PlyCount "118"]
[EventDate "2012.10.24"]
[EventType "team-swiss"]
[EventRounds "9"]
[EventCountry "FRA"]
[SourceTitle "EXT 2014"]
[Source "ChessBase"]
[SourceDate "2013.11.20"]
[SourceVersion "1"]
[SourceVersionDate "2013.11.20"]
[SourceQuality "1"]

1. d4 Nf6 2. Nf3 d5 3. Bf4 c6 4. a4 a5 5. e3 Bg4 6. Nbd2 e6 7. h3 Bh5 8. Be2 Bd6 9. Be5 0-0 10. Rc1 Qe7 11. c4 Bb4 12. c5 Ne4 13. 0-0 Nd7 14. Nxe4 dxe4 15. Bd6 Qe8 16. Ng5 Bg6 17. Bh5 f5 18. Bxf8 Bxh5 19. g4 Nxf8 20. gxh5 h6 21. Nxe4 fxe4 22. Qg4 Nh7 23. Qxe4 Ng5 24. Qg4 e5 25. h4 Nh7 26. Qf5 exd4 27. exd4 Rd8 28. Rcd1 Rd5 29. Qg4 Rxh5 30. Kh2 Nf6 31. Qf4 Nd5 32. Qg3 Qd8 33. Kh3 Rf5 34. f4 Qf6 35. Rf2 Nxf4+ 36. Kh2 Nh5 37. Rxf5 Qxf5 38. Qb3+ Kh8 39. Rg1 Qf2+ 40. Rg2 Qxh4+ 41. Qh3 Qxh3+ 42. Kxh3 Nf4+ 43. Kg3 Nxg2 44. Kxg2 g5 45. Kg3 h5 46. Kh3 Kg7 47. Kg3 Kg6 48. Kf3 Kf5 49. b3 h4 50. Kg2 g4 51. Kf2 Kf4 52. Kg2 Ke3 53. d5 cxd5 54. c6 bxc6 55. Kh2 Kf3 56. Kg1 g3 57. Kf1 h3 58. Kg1 d4 59. Kh1 d3 0-1

[Event "FRA-chT4 1011"]
[Site "Champagne Ardenne"]
[Date "2011.03.20"]
[Round "6"]
[White "Robert, Guillaume"]
[Black "Rey, Jean"]
[Result "0-1"]
[WhiteElo "1470"]
[BlackElo "1490"]
[PlyCount "100"]
[EventDate "2010.10.10"]
[EventType "team-tourn"]
[EventRounds "7"]
[EventCountry "FRA"]
[SourceTitle "EXT 2024"]
[Source "ChessBase"]
[SourceDate "2023.10.10"]
[SourceVersion "1"]
[SourceVersionDate "2023.10.10"]
[SourceQuality "1"]

1. d4 Nf6 2. Nf3 g6 3. c4 Bg7 4. Nc3 0-0 5. e4 d6 6. Be3 a5 7. Rb1 c5 8. dxc5 dxc5 9. Bxc5 Qxd1+ 10. Rxd1 Re8 11. Rd2 Bh6 12. Rd3 Na6 13. Ba3 Nb4 14. Bxb4 axb4 15. Nd1 Rxa2 16. Rb3 Ra4 17. Bd3 Nd7 18. c5 Rd8 19. Bb5 Ra1 20. Rxb4 Nxc5 21. Ke2 Bg4 22. Ne3 Bxf3+ 23. Kxf3 Rxh1 24. Nd5 Bf8 25. Rc4 e6 26. Nf6+ Kg7 27. e5 Re1 28. Ne8+ Kh8 29. Rh4 Rxe5 30. g4 Bg7 31. Kg3 Ne4+ 32. Kf4 Rxb5 33. Nxg7 g5+ 34. Kxe4 gxh4 35. Nh5 Rxb2 36. f4 Rb5 37. Nf6 Kg7 38. g5 Rb4+ 39. Kf3 Rd3+ 40. Kg4 h5+ 41. Nxh5+ Kf8 42. Kxh4 e5 43. Kg4 exf4 44. Nxf4 Rdd4 45. h4 Rxf4+ 46. Kg3 Rg4+ 47. Kh3 Rxh4+ 48. Kg3 Rhc4 49. Kf3 Rb3+ 50. Ke2 Rc2+ 0-1

[Event "FRA-chT4 1011"]
[Site "Champagne Ardenne"]
[Date "2011.01.18"]
[Round "4.8"]
[White "Gaubert, Virginie"]
[Black "Robert, Guillaume"]
[Result "1-0"]
[WhiteElo "1725"]
[BlackElo "1470"]
[PlyCount "77"]
[EventDate "2010.10.10"]
[EventType "team-tourn"]
[EventRounds "7"]
[EventCountry "FRA"]
[SourceTitle "EXT 2024"]
[Source "ChessBase"]
[SourceDate "2023.10.10"]
[SourceVersion "1"]
[SourceVersionDate "2023.10.10"]
[SourceQuality "1"]

1. c4 c5 2. Nf3 Nc6 3. d4 cxd4 4. Nxd4 Qa5+ 5. Nc3 Nf6 6. Nb3 Qb4 7. Bd2 Qxc4 8. e3 Qh4 9. Be2 d6 10. h3 Qg5 11. Bf3 Ne5 12. Nc1 Bd7 13. h4 Qg6 14. e4 Bg4 15. Bxg4 Nfxg4 16. h5 Qe6 17. f4 Qf6 18. Nd5 Nf3+ 19. gxf3 Qxb2 20. Nc7+ Kd8 21. Nxa8 Qxa1 22. Qc2 Kd7 23. Qc7+ Ke6 24. f5+ Kf6 25. Bc3+ Qxc3+ 26. Qxc3+ Ne5 27. f4 g5 28. fxe5+ dxe5 29. Nd3 e6 30. Qxe5+ Ke7 31. Qxh8 h6 32. Qe5 b6 33. f6+ Ke8 34. Qb5+ Kd8 35. Ne5 Kc8 36. Qe8+ Kb7 37. Qc6+ Ka6 38. Nc7+ Ka5 39. Qb5# 1-0

[Event "Noisy le Grand op"]
[Site "Noisy le Grand"]
[Date "2003.??.??"]
[Round "5"]
[White "Clarac, Jean Marie"]
[Black "Robert, Guillaume"]
[Result "1-0"]
[WhiteElo "2084"]
[BlackElo "1790"]
[PlyCount "91"]
[EventDate "2003.05.??"]
[EventType "swiss"]
[EventRounds "7"]
[EventCountry "FRA"]
[SourceTitle "EXT 2005"]
[Source "ChessBase"]
[SourceDate "2004.11.15"]
[SourceVersion "1"]
[SourceVersionDate "2004.11.15"]
[SourceQuality "1"]

1. e4 e6 2. d4 d5 3. Nd2 c5 4. exd5 Qxd5 5. Ngf3 Nc6 6. c4 Qd8 7. d5 exd5 8. cxd5 Qxd5 9. Bc4 Qh5 10. 0-0 Nd4 11. Re1+ Be7 12. Ne5 Qxd1 13. Bxf7+ Kf8 14. Rxd1 Bf6 15. Bxg8 Bxe5 16. Bd5 Bd7 17. Ne4 Ne2+ 18. Kh1 Nxc1 19. Raxc1 Bxb2 20. Rb1 Bd4 21. Rxb7 Ke7 22. Rxd7+ Kxd7 23. Bxa8 Rxa8 24. Nxc5+ Kc6 25. Rxd4 Kxc5 26. Rd7 Re8 27. g4 a5 28. Rxg7 Re2 29. Kg2 Rxa2 30. Rxh7 Kd6 31. h4 a4 32. Ra7 a3 33. Kg3 Ra1 34. Kf4 a2 35. Ra6+ Ke7 36. Kf5 Rh1 37. Ra7+ Kf8 38. Rxa2 Rxh4 39. f4 Rh1 40. Ra7 Rb1 41. Kf6 Rb6+ 42. Kg5 Rb5+ 43. f5 Rb6 44. f6 Rb4 45. Kf5 Rb5+ 46. Kg6 1-0

[Event "Noisy le Grand op"]
[Site "Noisy le Grand"]
[Date "2003.??.??"]
[Round "4"]
[White "Robert, Guillaume"]
[Black "Chenaf, Menad Hassen"]
[Result "1/2-1/2"]
[WhiteElo "1790"]
[BlackElo "1970"]
[PlyCount "66"]
[EventDate "2003.05.??"]
[EventType "swiss"]
[EventRounds "7"]
[EventCountry "FRA"]
[SourceTitle "EXT 2005"]
[Source "ChessBase"]
[SourceDate "2004.11.15"]
[SourceVersion "1"]
[SourceVersionDate "2004.11.15"]
[SourceQuality "1"]

1. e4 Nf6 2. Nc3 d6 3. Nf3 Bg4 4. d4 Nbd7 5. Be2 e6 6. Be3 Be7 7. Qd2 c6 8. 0-0 0-0 9. a4 b6 10. Rfd1 Re8 11. e5 Nd5 12. Nxd5 exd5 13. exd6 Bxd6 14. h3 Bh5 15. Ne1 Bxe2 16. Qxe2 Bf4 17. Ra3 Nf6 18. Qf3 Bc7 19. Bg5 Qd6 20. Qg3 Qe7 21. Qe3 Qb4 22. Qc3 Qxc3 23. Rxc3 Ne4 24. Rxc6 Rac8 25. Be3 Bh2+ 26. Kxh2 Rxc6 27. c3 f5 28. Nd3 Rc4 29. Ra1 g5 30. Ne5 Rxe5 31. dxe5 f4 32. Bd4 Nd2 33. a5 Nb3 1/2-1/2